[Event "Balatonlelle op 26th"]
[Site "Balatonlelle"]
[Date "2008.06.14"]
[Round "1.11"]
[White "Csiszar, Csaba"]
[Black "Baki, Peterne"]
[Result "1/2-1/2"]
[WhiteElo "2415"]
[BlackElo "2142"]
[PlyCount "37"]
[EventDate "2008.06.14"]
[EventType "swiss"]
[EventRounds "9"]
[EventCountry "HUN"]
[SourceTitle "CBM 125 Extra"]
[Source "ChessBase"]
[SourceDate "2008.09.01"]
[SourceVersion "1"]
[SourceVersionDate "2008.09.01"]
[SourceQuality "1"]

1. Nf3 Nf6 2. c4 d6 3. Nc3 Nbd7 4. d4 c5 5. e4 cxd4 6. Nxd4 a6 7. Be2 e6 8. Be3 Be7 9. 0-0 0-0 10. Qd2 Qc7 11. f3 b6 12. Rac1 Bb7 13. Rfd1 Rac8 14. Bf1 Rfd8 15. Qf2 Qb8 16. b3 Ne5 17. h3 Ned7 18. Bd3 d5 19. exd5 1/2-1/2

[Event "Zalakaros op 27th"]
[Site "Zalakaros"]
[Date "2008.05.27"]
[Round "6"]
[White "Baki, Peterne"]
[Black "Tompa, Janos"]
[Result "1/2-1/2"]
[WhiteElo "2142"]
[BlackElo "2382"]
[PlyCount "61"]
[EventDate "2008.05.22"]
[EventType "swiss"]
[EventRounds "9"]
[EventCountry "HUN"]
[SourceTitle "CBM 124 Extra"]
[Source "ChessBase"]
[SourceDate "2008.07.03"]
[SourceVersion "1"]
[SourceVersionDate "2008.07.03"]
[SourceQuality "1"]

1. e4 c5 2. Nc3 a6 3. f4 Nc6 4. Nf3 b5 5. g3 Bb7 6. d3 d6 7. Bg2 g6 8. 0-0 Bg7 9. g4 e6 10. f5 Qd7 11. g5 gxf5 12. exf5 Bxc3 13. bxc3 Nge7 14. Nh4 Nxf5 15. Nxf5 exf5 16. Qe2+ Qe6 17. Qf2 0-0 18. Bd2 Rae8 19. Rae1 Qc8 20. g6 hxg6 21. Qh4 Rxe1 22. Rxe1 Ne5 23. Bg5 f6 24. Bxf6 Rxf6 25. Qxf6 Bxg2 26. Rxe5 dxe5 27. Qxg6+ Kh8 28. Qh6+ Kg8 29. Qg6+ Kh8 30. Qh6+ Kg8 31. Qg6+ 1/2-1/2

[Event "HUN-chT2 Asztalos 0708"]
[Site "Hungary"]
[Date "2007.11.11"]
[Round "2"]
[White "Horvath, Miklos"]
[Black "Baki, Peterne"]
[Result "1-0"]
[WhiteElo "2258"]
[BlackElo "2114"]
[PlyCount "67"]
[EventDate "2007.10.14"]
[EventType "team-tourn"]
[EventRounds "11"]
[EventCountry "HUN"]
[SourceTitle "EXT 2009"]
[Source "ChessBase"]
[SourceDate "2008.11.26"]
[SourceVersion "1"]
[SourceVersionDate "2008.11.26"]
[SourceQuality "1"]
[WhiteTeam "Fehervar"]
[BlackTeam "Dombovar"]
[WhiteTeamCountry "HUN"]
[BlackTeamCountry "HUN"]

1. e4 e5 2. Nf3 Nc6 3. Bc4 Nf6 4. d4 exd4 5. e5 d5 6. Bb5 Ne4 7. Nxd4 Bc5 8. 0-0 Bd7 9. Bxc6 bxc6 10. c3 0-0 11. Nd2 Nxd2 12. Bxd2 f6 13. exf6 Qxf6 14. Be3 Qg6 15. Kh1 Rae8 16. Ne6 Bxe6 17. Bxc5 Rf4 18. g3 Bh3 19. Re1 Bg4 20. Qd2 Bf3+ 21. Kg1 Rfe4 22. Rxe4 dxe4 23. Qd7 h5 24. h4 Re5 25. Bd4 Rd5 26. Qxc7 c5 27. Be3 Qe6 28. Kh2 Qg6 29. Qxa7 Qd6 30. Bf4 Rd1 31. Bxd6 Rxa1 32. g4 g5 33. Qb8+ Kg7 34. Be5+ 1-0

[Event "Szeged Cup (Women) 3rd"]
[Site "Szeged"]
[Date "2006.09.16"]
[Round "8"]
[White "Baki, Peterne"]
[Black "Harsanyi, Kinga"]
[Result "1/2-1/2"]
[WhiteElo "2110"]
[BlackElo "2087"]
[PlyCount "49"]
[EventDate "2006.09.10"]
[EventType "swiss"]
[EventRounds "9"]
[EventCountry "HUN"]
[SourceTitle "CBM 114 Extra"]
[Source "ChessBase"]
[SourceDate "2006.11.03"]
[SourceVersion "1"]
[SourceVersionDate "2006.11.03"]
[SourceQuality "1"]

1. e4 c5 2. d4 cxd4 3. c3 dxc3 4. Nxc3 Nc6 5. Nf3 d6 6. Bc4 e6 7. 0-0 Nf6 8. Qe2 a6 9. a4 Be7 10. Rd1 Qc7 11. h3 0-0 12. Be3 Bd7 13. Rac1 Qa5 14. Bg5 Ne8 15. Bxe7 Nxe7 16. b3 Bc6 17. Qb2 Qh5 18. b4 d5 19. exd5 Nxd5 20. Bxd5 Bxd5 21. Nxd5 exd5 22. Rc5 Nf6 23. Rc7 b5 24. a5 Qf5 25. Rdc1 1/2-1/2

[Event "Szeged Cup (Women) 3rd"]
[Site "Szeged"]
[Date "2006.09.11"]
[Round "3"]
[White "Medvegy, Judit"]
[Black "Baki, Peterne"]
[Result "0-1"]
[WhiteElo "2032"]
[BlackElo "2110"]
[PlyCount "86"]
[EventDate "2006.09.10"]
[EventType "swiss"]
[EventRounds "9"]
[EventCountry "HUN"]
[SourceTitle "CBM 114 Extra"]
[Source "ChessBase"]
[SourceDate "2006.11.03"]
[SourceVersion "1"]
[SourceVersionDate "2006.11.03"]
[SourceQuality "1"]

1. e4 e5 2. Nf3 Nc6 3. Bb5 a6 4. Bxc6 dxc6 5. 0-0 Bd6 6. d4 exd4 7. Qxd4 f6 8. Re1 Be6 9. e5 Bxe5 10. Qe3 Qd6 11. Nxe5 fxe5 12. Qg5 Ne7 13. Qxg7 0-0-0 14. Bg5 Nf5 15. Qf6 Rhf8 16. Qxd8+ Rxd8 17. Bxd8 Qxd8 18. Nc3 Qf6 19. Rad1 Qg7 20. Ne4 Kb8 21. Ng3 Nxg3 22. hxg3 Bd5 23. b3 b5 24. Re3 h5 25. Rde1 h4 26. R1e2 Qg6 27. Rxe5 hxg3 28. fxg3 Qxg3 29. R5e3 Qg6 30. Kf1 Qg5 31. g3 Kb7 32. Ke1 Qh6 33. Kd2 Qf6 34. c3 Qg6 35. Re1 Qf5 36. Kc1 Qg5 37. Kb2 Qg4 38. Kc1 a5 39. Kb2 a4 40. Ka3 axb3 41. axb3 Qg8 42. Rb1 Qf8+ 43. b4 Qf2 0-1

[Event "George Marx op"]
[Site "Paks"]
[Date "2005.06.22"]
[Round "9"]
[White "Papp, Tamas"]
[Black "Baki, Peterne"]
[Result "1-0"]
[WhiteElo "2221"]
[BlackElo "2092"]
[PlyCount "37"]
[EventDate "2005.06.14"]
[EventType "swiss"]
[EventRounds "9"]
[EventCountry "HUN"]
[SourceTitle "CBM 106 Extra"]
[Source "ChessBase"]
[SourceDate "2005.07.01"]
[SourceVersion "1"]
[SourceVersionDate "2005.07.01"]
[SourceQuality "1"]

1. d4 Nf6 2. c4 e5 3. dxe5 Ng4 4. Nf3 Nc6 5. Bf4 Bb4+ 6. Nbd2 Qe7 7. e3 Ngxe5 8. Nxe5 Nxe5 9. Be2 0-0 10. a3 Bxd2+ 11. Qxd2 d6 12. 0-0 f5 13. Bg3 Be6 14. Rac1 Qf6 15. c5 d5 16. Qb4 Rfc8 17. b3 Rab8 18. Qc3 Nd7 19. c6 1-0